| 000 | 00765cab a2200253 4500 | ||
|---|---|---|---|
| 001 | ABS55000 | ||
| 008 | 090401t1996 xxu||||| |||| 00| 0 eng d | ||
| 035 | _a(Sirsi) u13541 | ||
| 041 | _aeng | ||
| 100 | _aEvans, A.W. | ||
| 245 | _aLand use planning and tax subsidies | ||
| 260 | _c1996 | ||
| 350 | _a0 | ||
| 490 |
_aUrban Studies _v33(3) 1996, 581-585(5) |
||
| 520 | _aExamines research into whether land use controls affect land use and land prices and thus subsequently the price of a house. See also ABS48042, referred to frequently in this article. | ||
| 650 | _aBRAMLEY GLEN | ||
| 650 | _aHOUSE PRICES | ||
| 650 | _aLAND PRICES | ||
| 650 | _aLAND SUPPLY | ||
| 650 | _aLAND USE PLANNING | ||
| 690 | _aLAND | ||
| 942 | _n0 | ||
| 948 | _c04/03/1997 | ||
| 999 |
_c8722 _d8722 |
||